00665 2200217 4500001002100000005001500021035002000036007000300056008004100059020002200100082001200122084001800134100002900152245008900181250000600270260003300276300004700309700002800356650004600384990001700430INLIS00000000000092320260519090811 a0010-0823000087ta260519 j 0 ind  a978-602-8798-21-1 a297.246 a297.246 BAY t0 aBayu Indie ( Pengarang )1 aThe Great Prophet :bNabi Luth AS & Nabi Ibrahim /cBayu Indie ; editor anna Fauziah a- aJakarta :bPustaka Lebah,c- a39 :bilus. ;gambar berwarna ;c28.5 cme-0 aanna Fauziah ( Editor ) 4aIslam - Sejarah - Zaman Nabi Muhammad SAW a00039/K/2013